000 00612aas a2200181 4500
999 _c50140
_d50140
001 768714001
003 CO-MdFUSB
005 20170914113906.0
008 170914s2000 ag ||||| |||| 00| 0 spa d
022 _a0326-6737
040 _aCO-MdFUSB
_bspa
_cCO-MdFUSB
_dCO-MdFUSB
041 _aspa
100 1 _aPetrella, Ivan
_eautor
245 1 0 _aTeología de la liberación, capitalismo y democracia :
_b hacia un nuevo proyecto histórico
300 _aVolumen 19 (2000), páginas 213-230
_c: 23 cm.
773 0 _tCuadernos de Teología
_049404
_959702
_gVolumen 19 (2000), páginas 213-230
_qPágina 213
942 _cANA